| 000 | nam a22 7a 4500 | ||
|---|---|---|---|
| 999 |
_c128552 _d128552 |
||
| 008 | 181113b xxu||||| |||| 00| 0 eng d | ||
| 050 | _aPE 1068.A2 O58 2008 | ||
| 100 |
_aO'Neill, Shirley _943412 |
||
| 245 |
_aTeaching english as a second language _c/by Shirley O'Neill |
||
| 260 |
_aAustralia: _bOxford, _c2008. |
||
| 300 |
_axii,284p.; _c25cm. |
||
| 650 |
_aEnglish language _xstudy _xteaching _xforeign speakers _943413 |
||
| 650 |
_aSecond language acquisition _916015 |
||
| 700 |
_aAnnabelle Gish _943414 |
||
| 942 |
_2lcc _cMONOGRAPH |
||